000 00308nam a22001217a 4500
999 _c3015
_d3015
005 20200925144610.0
008 200925b ||||| |||| 00| 0 eng d
020 _a0099466589
040 _cCML
245 _aThe Mysteries.
_cMcGill, R.
260 _aLondon
_bVintage
_c2005
942 _2ddc
_cBK
_e1st Edition
_kF
_mMCG